Comedias sueltas : sin pie de imprenta en la Biblioteca del "Institut del Teatre" (Barcelona) /

Bibliographic Details
Main Author: Vázquez Estévez, Margarita
Format: Book
Language:Spanish
Published: Kassel : Edition Reichenberger, 1987.
Series:Teatro del Siglo de Oro. Bibliografías y catálogos ; 4.
Subjects:

MARC

Tag First Indicator Second Indicator Subfields
LEADER 00000cam a2200000 a 4500
001 in00000027850
005 20151007054635.0
008 870416s1987 gw h bc 00110 spa d
020 |a 3923593465 
035 |a (OCoLC)15537791 
035 |9 AAB5792AM 
040 |a KUK  |c KUK  |d IBV  |d m/c  |d LDL  |d TXA  |d UtOrBLW 
049 |a TXAM  |c [A12590474] 
050 4 |a Z2694.D7  |b V29 1982 
100 1 |a Vázquez Estévez, Margarita. 
245 1 0 |a Comedias sueltas :  |b sin pie de imprenta en la Biblioteca del "Institut del Teatre" (Barcelona) /  |c Margarita Vázquez Estévez ; repuesta al anexo "Comedias sueltas impresas en Valencia, segun Fajardo" en el RIEPI, T.I. 
264 1 |a Kassel :  |b Edition Reichenberger,  |c 1987. 
300 |a viii, 220 pages :  |b facsimiles ;  |c 25 cm. 
336 |a text  |b txt  |2 rdacontent 
337 |a unmediated  |b n  |2 rdamedia 
338 |a volume  |b nc  |2 rdacarrier 
490 1 |a Teatro del Siglo de Oro. Bibliografías y catálogos ;  |v 4 
500 |a Spine title: Comedias en Barcelona. 
504 |a Bibliography: pages [35]-38. 
500 |a Includes index. 
650 0 |a Spanish drama (Comedy)  |x Bibliography  |x Catalogs. 
610 2 0 |a Instituto del Teatro (Barcelona, Spain).  |b Biblioteca  |x Catalogs. 
650 0 |a Theater libraries  |z Spain  |z Barcelona  |x Catalogs. 
740 0 |a Comedias en Barcelona. 
830 0 |a Teatro del Siglo de Oro.  |p Bibliografías y catálogos ;  |v 4. 
999 |a MARS 
999 f f |s dfc25195-7c37-320d-88fd-61e03d069e52  |i bff8e418-8f91-3246-a8f7-0235484d31cc  |t 0 
952 f f |p ric  |a Texas A&M University  |b Rellis Campus  |c Joint Library Facility  |d Remote Storage  |t 0  |e Z2694.D7 V29 1982  |h Library of Congress classification  |i unmediated -- volume  |m A14812590474 
998 f f |a Z2694.D7 V29 1982  |t 0  |l Remote Storage